000 00959nam1a2200301 i 4500
001 RU\NLR\bibl\145763
005 20240920070138.0
035 _a(NLR Aleph) 000142818
090 _a817969
_c817969
100 _a20010403g19 2000u y0rusy50 ca
101 0 _arus
_aeng
102 _aRU
105 _a||||z |||||
200 1 _aАнглийский язык для малышей и родителей
_e[В 4 кн.]
_fРона Роуз
205 _a[2-е изд.]
210 _aМ.
_cДом педагогики
_d2000
215 _d22
463 0 _1001140059
606 0 _aАнглийский язык
_jУчебные издания
_9972309
_3RU\NLR\auth\6646032
686 _aШ143.21-93рус1
686 _aШ143.21-93рус21[1/4]
686 _aЧ491.7англ.яз.
700 1 _aРоуз
_bР.
_gРона
_4070
801 0 _aRU
_bNLR
_c20010403
_gPSBO
801 1 _aRU
_bNLR
_c20010403
852 _aNLR
_j2001-5/682
942 _cBOOK